Vzájomné hospodárske vzťahy Venezuely a Kuby bakalárska práca

Gespeichert in:
Bibliographische Detailangaben
1. Verfasser: Gáletová, Ivana
Körperschaft: Fakulta medzinárodných vzťahov EU. Katedra medzinárodných ekonomických vzťahov a hospodárskej diplomacie
Weitere Verfasser: Fertaľová, Mária
Format: Buch
Sprache:Slowakisch
Veröffentlicht: Bratislava 2010
Tags: Tag hinzufügen
Keine Tags, Fügen Sie das erste Tag hinzu!

MARC

LEADER 00000nam$a2200000$$$4500
001 0136858
005 20240320074634.7
041 0 |a slo 
044 |a SK 
245 1 0 |a Vzájomné hospodárske vzťahy Venezuely a Kuby  |b bakalárska práca  |c Ivana Gáletová ; školiteľ: Mária Fertaľová 
264 1 |a Bratislava  |c 2010 
300 |a 34 s. 
100 1 |a Gáletová, Ivana 
700 1 |a Fertaľová, Mária 
710 2 |a Fakulta medzinárodných vzťahov EU. Katedra medzinárodných ekonomických vzťahov a hospodárskej diplomacie